000 00735nam a22002777a 4500
005 20250819175437.0
008 170719b2015 xxu||||| |||| 00| 0 spa d
020 _a9789507433719
041 _aESP
082 _a345.05 G182d
100 _aGálvez Villegas, Tomás Aladino
_943420
245 _aDecomiso, incautación y secuestro
260 _aArgentina
260 _bValletta Ediciones
260 _c2015
300 _a332 páginas
490 _aInvestigación Criminal
650 _aDERECHO PENAL
650 _aDECOMISO
650 _aTIPOS DE DECOMISO
650 _aDECOMISO FACULTATIVO
650 _aINCAUTACIÓN DE BIENES
650 _aMEDIDA CAUTELAR
650 _aSECUESTRO DE BIENES
942 _cBK
_2ddc
999 _c9649
_d9649